000 00835nam a2200217Ia 4500
999 _c39399
_d39399
001 5989
003 GE_BSU
005 20190730115802.0
008 181216s2008||||ge |||||||||||||| ||geo||
020 _a9789941122149
040 _cGE_BSU
041 _ageo
080 _a612.015(075.8) + 577.1(075.8) ა - 48
100 _aალექსიძე, ნუგზარ
_92610
245 _aნორმალური და პათოლოგიური ბიოქიმია ტ.1 :
_bსახელმძღვ. მედიკოსებისათვის /
_cნუგზარ ალექსიძე
264 _aთბილისი :
_bუნივერსალი ;
_c2008.
300 _a527 გვ. :
_bილ. ;
_c24 სმ.
541 _h30ლ.
653 _aბიოქიმია
942 _cBK
_2udc